Т. 43, № 9 : 1924 год; Известия Геологического комитета

Détails bibliographiques
Parent link:Известия Геологического комитета/ СССР, Геологический комитет (Геолком). Т. 43, № 9 : 1924 год.— , 1883-1930
Autres auteurs: Яковлев Н. Н. (редактор)
Langue:russe
Publié: 1926
Sujets:
Format: Livre
KOHA link:https://koha.lib.tpu.ru/cgi-bin/koha/opac-detail.pl?biblionumber=328745

MARC

LEADER 00000nam2a2200000 4500
001 328745
005 20231102004107.0
035 |a (RuTPU)RU\TPU\book\354445 
035 |a RU\TPU\book\354442 
090 |a 328745 
100 |a 20170221d1926 k y0rusy50 ca 
101 0 |a rus 
102 |a RU 
105 |a a z 000zy 
200 0 |a Т. 43, № 9 : 1924 год  |f отв. ред. Н. Н. Яковлев 
210 |d 1926 
215 |a 987-1236 с.  |c ил.  |e 6 табл. 
461 1 |0 (RuTPU)RU\TPU\book\253549  |t Известия Геологического комитета  |f СССР, Геологический комитет (Геолком)  |v Т. 43, № 9 : 1924 год  |d 1883-1930 
606 1 |a Геология  |2 stltpush  |3 (RuTPU)RU\TPU\subj\6095  |9 34054 
610 1 |a библиотека М. А. Усова 
610 1 |a Балкария 
610 1 |a Волгоградская область 
610 1 |a палеонтология 
610 1 |a мшанки 
610 1 |a кремниевая кислота 
610 1 |a полиморфизм 
610 1 |a ископаемые рыбы 
610 1 |a Кара-тау 
610 1 |a трилобиты 
610 1 |a Урал 
610 1 |a ископаемые угли 
610 1 |a питьевая вода 
610 1 |a Горская республика 
610 1 |a Ленинградская область 
610 1 |a четвертичные отложения 
610 1 |a стратиграфия 
675 |a 55  |v 4 
702 1 |a Яковлев  |b Н. Н.  |4 340 
801 1 |a RU  |b 63413507  |c 20170220 
801 2 |a RU  |b 63413507  |c 20170315  |g RCR 
942 |c BK